Logo BPK

Biblioteka

Politechniki Koszalińskiej

Język rosyjski. : (Rekord nr 18902)

Szczegóły MARC
000 -ETYKIETA REKORDU
podpole kontrolne o stałej długości 00373nam a2200145 i 4500
001 - NUMER KONTROLNY REKORDU
pole kontrolne bg
040 ## - ŹRÓDŁO KATALOGOWANIA
Instytucja, która utworzyła rekord BPK
041 ## - KOD JĘZYKA
Kod języka tekstu pol
008 - POLE O STAŁEJ DŁUGOŚCI - DANE KONTROLNE
podpole kontrolne o stałej długości s pl f |000 0 pol
100 1# - NAZWA OSOBOWA
Nazwa osobowa ŚWIDER, Janina
245 #0 - TYTUŁ/ODPOWIEDZIALNOŚĆ
Tytuł Język rosyjski. :
Ciąg dalszy tytułu Teksty i ćwiczenia /
Pozostałe elementy strefy tytułu i oznaczenia odpowiedzialności J. Świder, B. Pawlikowska.
260 ## - STREFA ADRESU WYDAWNICZEGO
Miejsce wydania Rzeszów,
Data publikacji, dystrybucji/powstania dokumentu 1979.
700 1# - HASŁO DODATKOWE - NAZWA OSOBOWA
Nazwa osobowa PAWLIKOWSKA, Bogumiła
856 ## - LOKALIZACJA I DOSTĘP DO ELEKTRONICZNYCH DOKUMENTÓW ZDALNYCH
Link (URL) http://koha.tu.koszalin.pl/cgi-bin/koha/opac-detail.pl?biblionumber=18902
Tekst linku Katalog online BPK
942 ## - DODATKOWE ELEMENTY (KOHA)
Typ dokumentu Książka
Egzemplarze
Wycofany Status egzemplarza Uszkodzony Dostępność Lokalizacja stała Lokalizacja bieżąca Miejsce przechowywania Sygnatura Kod kreskowy Typ dokumentu
      Dostępny Biblioteka Politechniki Koszalińskiej Biblioteka Politechniki Koszalińskiej Wypożyczalnia BG 26466 01651393 Książka
© 2023 Biblioteka Politechniki Koszalińskiej :: KOHA